Normal view
MARC view
- Mosquera Soto, Adriana
Entry Nombre Personal
001 - NUMERO DE CONTROL
- campo de control: 38818
003 - IDENTIFICADOR DE NUMERO DE CONTROL
- campo de control: UPN
005 - FECHA Y HORA DE LA ÜLTIMA TRANSACCIÓN
- campo de control: 20210219194539.0
008 - DATOS DE LONGITUD FIJA
- campo de control de longitud fija: nabaccnnaabn|||||||||| b |nc|||||d
035 ## - NUMERO DE CONTROL
- Número de control: UPN11000010925
040 ## - FUENTE DE CATALOGACIÓN
- Lenguaje de catalogación: SPA
- Agencia de transcripción: UPN
100 1# - ENCABEZAMIENTO - NOMBRE PERSONAL
- Nombre personal: Mosquera Soto, Adriana
670 ## - FUENTE EN LA QUE SE LOCALIZARON DATOS
- Cita de la fuente: T
- Uniform Resource Identifier: http://www.facartes.unal.edu.co/muvirt/galeria/bionani.html
680 ## - NOTA PUBLICA DE ACCESO PÚBLICO
- Frase explicativa de la referencia: Nació en Bogotá, Colombia, estudió Licenciatura en Educación-Biología en la Universidad Distrital de Colombia, además ha hecho:cursos en la Escuela Nacional de Caricatura en Bogotá; Diseño gráfico por computador en el Centro social europeo en Madrid (España) y una Maestría en producción y diseño de Moda en el Instituto Europeo de Diseño. Usa el seudónimo de "Nani"
902 ## - CATALOGADOR
- Catalogador: MITM/260716
